Words that End in "-early" - Statistics

General Stats
  • This quiz has been taken 241 times
  • The average score is 4 of 6
Answer Stats
Answer % Correct
Dearly
86%
Nearly
79%
Pearly
79%
Yearly
66%
Clearly
57%
Linearly
2%
No matching quizzes found
Score Distribution
Percent of People with Each Score
Percentile by Number Answered
Your Score History
You have not taken this quiz